00489nam a2200157 a 4500008004100000020002200041245007500063250001300138260006100151300002700212500002000239650004500259003000100304005001700305040000900322  a087553077X (pbk.) 0aControl of communicable diseases in man/cedited by Abram S. Benenson. a12th ed. aWashington :bAmerican Public Health Association,c1975. axxvi, 413 p. ;c18 cm. aIncludes index. aCommunicable disease control-prevention.20230120204052.0 cNUST